សិក្សាការគ្រប់គ្រងប្រព័ន្ធស្រោចស្រពនៅមណ្ឌលស្រែអំពិល (Record no. 231)

000 -LEADER
fixed length control field 00536nam a22001577a 4500
003 - CONTROL NUMBER IDENTIFIER
control field OSt
005 - DATE AND TIME OF LATEST TRANSACTION
control field 20150910150559.0
008 - FIXED-LENGTH DATA ELEMENTS--GENERAL INFORMATION
fixed length control field 150910b xxu||||| |||| 00| 0 eng d
040 ## - CATALOGING SOURCE
Transcribing agency RUA
082 ## - DEWEY DECIMAL CLASSIFICATION NUMBER
Classification number AGR ជឹម1994 B010 Or.1
100 ## - MAIN ENTRY--PERSONAL NAME
9 (RLIN) 247
Personal name ជឹម ដារារដ្ឋ
245 ## - TITLE STATEMENT
Title សិក្សាការគ្រប់គ្រងប្រព័ន្ធស្រោចស្រពនៅមណ្ឌលស្រែអំពិល
260 ## - PUBLICATION, DISTRIBUTION, ETC. (IMPRINT)
Place of publication, distribution, etc. Phnom Penh
Name of publisher, distributor, etc. RUA
Date of publication, distribution, etc. 1994
300 ## - PHYSICAL DESCRIPTION
Extent 86p.
Other physical details ill.
Dimensions 29cm.
942 ## - ADDED ENTRY ELEMENTS (KOHA)
Source of classification or shelving scheme
Koha item type AGR
Holdings
Price effective from Date last seen Permanent Location Not for loan Date acquired Source of classification or shelving scheme Koha item type Barcode Lost status Damaged status Shelving location Withdrawn status Current Location Full call number
2015-09-102015-09-10Library Block B 2015-09-10 AGRRUA003925  B010 Library Block BAGR ជឹម1994 B010 Or.1
2015-09-102015-09-10Library Block B 2015-09-10 AGRRUA003926  B010 Library Block BAGR ជឹម1994 B010 Or.2
2015-09-102015-09-10Library Block B 2015-09-10 AGRRUA003927  B010 Library Block BAGR ជឹម1994 B010 Or.3
2015-09-102015-09-10Library Block B 2015-09-10 AGRRUA005665  B010 Library Block BAGR ជឹម1994 B010 Or.4
2015-09-102015-09-10Library Block B 2015-09-10 AGRRUA005450  B010 Library Block BAGR ជឹម1994 B010 Or.5
2015-09-102015-09-10Library Block B 2015-09-10 AGRRUA003004    Library Block BAGR ជឹម1994 B010 Or.6
2015-09-102015-09-10Library Block B 2015-09-10 AGRRUA006997    Library Block BAGR ជឹម1994 B010 Or.7
មជ្ឈមណ្ឌលឯការនៃសាកលវិទ្យាល័យភូមិន្ទកសិកម្មចំការដូង

Powered by Koha